1025 1093 1704 1846 1754 1981 1586 1391 1883 1147 1441 1502 1233 1419 1996 1515 1294 1788 1569 1536 1202 1031 1183 1136 1298 1200 1067 1829 1583 1494 1668 1599 1618 1960 1021 1508 1011 1012 1962 1262 1433 2000 1165 1801 1074 1326 1303 1704 1313 1107 1158 1558 1153 1366 1720 1375 1090 1653 1201 1003 1748 1018 1255 1973 1385 1903 1695 1714 1031 1964 1707 1904 1713 1053 1010 1190 1387 1811 1932 1211 1863 1860 1575 1406 1653 1356 1709 1157 1817 1337 1268 1585 1737 1297 1179 1985 1622 1600 1418 BCNSPRNW ULIB Ver.6.0+V

เปลี่ยนเป็นภาษาไทย

Change to English
 แสดงรายละเอียดบรรณานุกรม
  กลับหน้าหลัก

Brief Record : Get Marc (ISO 2709) : E-mail record : QR code < ปิดหน้าต่าง
LEADER : 00000nam 2200000uu 4500
001    13399120288
003     ULIB
008    110329s2551||||th 000 0 tha d
020    9789744512444
060  4 WA754^bน473ห
100 0  นายรอบคอบ
245 10 หนังสือชุดรู้ทันภัย ตอน หลุมพรางจากตู้ATM /^cโดยนายรอบคอบ
246 30 หลุมพรางจากตู้ATM
250    พิมพ์ครั้งที่ 1
260    กรุงเทพฯ :^bวาไรตี้ มีเดีย,^c2551
300    77 หน้า ;^c20 ซม.
440  0 หนังสือชุดรู้ทันภัย
650  7 อุบัติภัย
650  7 อุบัติเหตุ^xการป้องกัน
650  7 ความปลอดภัย
945    ^p75^l0^i025146
995    ทศพร
999 ^a ใช้งานได้ทุกระบบ
รายการนี้ยังไม่มีแท็ก
คุณยังไม่ได้ล็อกอิน คุณสามารถมีกิจกรรมร่วมกับเว็บไซต์ได้ แต่ต้องล็อกอินก่อน ::
  ล็อกอิน

รายการสื่อสารสนเทศ

ลำดับที่ ประเภท เลขเรียก/บาร์โค้ด สถานที่ สถานะ
1. วิทยาศาสตร์การแพทย์ และสุขภาพ
วิทยาศาสตร์การแพทย์ และสุขภาพ
WA754 น473ห ฉ.1 
  Barcode: 025146
ห้องสมุดวิทยาเขตสวรรค์ประชารักษ์
►หนังสือทั่วไป
บนชั้น

รายการใกล้เคียง
    ผู้แต่ง [นายรอบคอบ]

    หัวเรื่อง [อุบัติภัย]
    หัวเรื่อง [ความปลอดภัย]

BibComment


ยังไม่เคยถูกคอมเมนท์

คอมเมนท์ทรัพยากรรายการนี้
  คอมเมนท์: หนังสือชุดรู้ทันภ..


 Copyright 2026. Bcnsprnw @Library